LEADER 02574nam 2200829Ia 450 001 9910452488303321 005 20200520144314.0 010 $a1-282-74087-3 010 $a9786612740879 010 $a0-7748-5358-1 024 3 $z9780774812092 035 $a(CKB)1000000000520999 035 $a(OCoLC)180704176 035 $a(CaPaEBR)ebrary10135974 035 $a(SSID)ssj0000381982 035 $a(PQKBManifestationID)11248975 035 $a(PQKBTitleCode)TC0000381982 035 $a(PQKBWorkID)10391726 035 $a(PQKB)10371847 035 $a(SSID)ssj0000279286 035 $a(PQKBManifestationID)12096791 035 $a(PQKBTitleCode)TC0000279286 035 $a(PQKBWorkID)10260478 035 $a(PQKB)10798992 035 $a(MiAaPQ)EBC3412132 035 $a(CaBNvSL)jme00326406 035 $a(CaPaEBR)404186 035 $a(MiAaPQ)EBC3245691 035 $a(Au-PeEL)EBL3412132 035 $a(CaPaEBR)ebr10141242 035 $a(CaONFJC)MIL274087 035 $a(OCoLC)923442089 035 $a(EXLCZ)991000000000520999 100 $a20051006d2006 uy 0 101 0 $aeng 135 $aurcn||||||||| 181 $ctxt 182 $cc 183 $acr 200 10$aEvery inch a woman$b[electronic resource] $ephallic possession, femininity, and the text /$fCarellin Brooks 210 $aVancouver $cUBC Press$dc2006 215 $a1 online resource (224 p.) 225 1 $aSexuality studies series,$x1706-9947 300 $aIncludes index. 311 $a0-7748-1209-5 311 $a0-7748-1210-9 320 $aIncludes bibliographical references: p. [194]-199 and index. 410 0$aSexuality studies series. 606 $aGender identity in literature 606 $aWomen in literature 606 $aPenis in literature 606 $aFemininity in literature 606 $aMasculinity in literature 606 $aFetishism in literature 606 $aLiterature, Modern$y20th century$xHistory and criticism 608 $aElectronic books. 615 0$aGender identity in literature. 615 0$aWomen in literature. 615 0$aPenis in literature. 615 0$aFemininity in literature. 615 0$aMasculinity in literature. 615 0$aFetishism in literature. 615 0$aLiterature, Modern$xHistory and criticism. 676 $a809/.93353 700 $aBrooks$b Carellin$0889522 801 0$bMiAaPQ 801 1$bMiAaPQ 801 2$bMiAaPQ 906 $aBOOK 912 $a9910452488303321 996 $aEvery inch a woman$91987080 997 $aUNINA LEADER 01116nam 2200289z- 450 001 9910694477003321 005 20090328084440.0 035 $a(CKB)5860000000017244 035 $a(BIP)021307915 035 $a(EXLCZ)995860000000017244 100 $a20220406c2007uuuu -u- - 101 0 $aeng 200 10$a2010 census $erecruiting, hiring, and training a diverse workforce : hearing before the Subcommittee on Information Policy, Census, and National Archives of the Committee on Oversight and Government Reform, House of Representatives, One Hundred Tenth Congress, first session, July 26, 2007 215 $a1 online resource (iii, 121 p.) 311 $a0-16-079971-6 517 $a2010 census 606 $aDiversity in the workplace$xGovernment policy$zUnited States 607 $aUnited States$xCensus, 2010 610 $aUnited States 610 $aDiversity in the workplace 610 $aSocial science 610 $aBusiness & economics 615 0$aDiversity in the workplace$xGovernment policy 906 $aBOOK 912 $a9910694477003321 996 $a2010 census$93153264 997 $aUNINA